000 00576nam a2200181Ia 4500
003 IN-BaIIA
008 211028s9999 xx 000 0 eng d
020 _a978-0-19-968676-6
040 _cIIA Library
080 _a524.882
_bJOS
100 _aJoshi, Pankaj S
_931558
245 4 _aThe story of collapsing stars
_bblack holes, naked singularities and the cosmic play of quantum gravity
_cPankaj S. Joshi
260 _aOxford
_bOxford University Press
_c2015
300 _axii, 225p.
650 _aQuantum gravity
_910418
650 _aStars - evolution
_910853
942 _cBK
999 _c19053
_d19053